000 00307nam a22001457a 4500
008 210602b ||||| |||| 00| 0 eng d
020 _a9780737737370
041 _aeng
080 _a61
082 _a61
100 _a3
101 _aSHM
245 _aBio Medical Ethics
_cThomson Gale
942 _2udc
_cBK
999 _c57894
_d57894